Hiệu hạnh phúc của các bà; T2 = Au bonheurs des dames

Na minha lista:
Detalhes bibliográficos
Autor principal: Emil Zola
Formato: Livro
Idioma:Undetermined
Publicado em: Hà Nội Văn Học 1986
Assuntos:
Tags: Adicionar Tag
Sem tags, seja o primeiro a adicionar uma tag!
Thư viện lưu trữ: Trung tâm Học liệu Trường Đại học Cần Thơ
LEADER 00525nam a2200181Ia 4500
001 CTU_32738
008 210402s9999 xx 000 0 und d
082 |a 843.91 
082 |b Z85h/T2 
100 |a Emil Zola 
245 0 |a Hiệu hạnh phúc của các bà; T2 
245 0 |b = Au bonheurs des dames 
245 0 |c Emil Zola, Trọng Đức 
260 |a Hà Nội 
260 |b Văn Học 
260 |c 1986 
650 |a french fiction ( vietnamese ) 
980 |a Trung tâm Học liệu Trường Đại học Cần Thơ